| 000 | 00658nam a2200217 a 4500 | ||
|---|---|---|---|
| 001 | BRCA_4843 | ||
| 005 | 20190320204828.0 | ||
| 008 | 840926s1936####au-ac#####---#000-0ager-# | ||
| 041 | _ager | ||
| 044 | _aau | ||
| 050 | 4 |
_aND653 _b.G64 1936 |
|
| 245 | 1 | 0 | _aVincent van Gogh. |
| 250 | _a2 | ||
| 260 |
_aAustria _bPhaidon _c1936 |
||
| 300 |
_a17 p. _bil. (algunas a color), 121 láminas _c38 cm. |
||
| 500 | _aIncluye índice de ilustraciones y trabajos individuales de Van Gogh | ||
| 501 | _aIncluye 3 láminas sueltas | ||
| 600 | 1 | 4 |
_aGogh, Vincent van _d1853-1890 _vCatálogos _xPintura _912263 |
| 700 | 1 |
_aUhde, Wilhelm _eEscritor _912264 |
|
| 942 |
_2lcc _cB |
||
| 999 |
_c4537 _d4537 |
||